Statistics for Top 10 Most Democratic American Countries

Click here to take the quiz!

General Stats

  • This quiz has been taken 272 times
    (182 since last reset)
  • The average score is 7 of 10

Answer Stats

ScoreCountryGrowth% Correct
9.24Canada0.02
98%
7.92United States- 0.04
98%
8.28Chile0.20
84%
7.18Panama0.13
81%
6.95Argentina- 0.07
79%
8.16Costa Rica0.03
77%
8.61Uruguay0.23
77%
7.04Colombia- 0.09
62%
7.13Jamaica0.17
54%
7.16Trinidad and Tobago
40%

Score Distribution

Percentile by Number Answered

Percent of People with Each Score

Your Score History

You have not taken this quiz since the last reset